000 00638nam a22002417a 4500
001 70999
003 UA-OsUOA
005 20220412211444.0
007 ta
008 20100928b un ||||| |||| 00| 0 ukr d
020 _a9666021552
040 _aUA-OsUOA
_bukr
_cUA-OsUOA
_dUA-OsUOA
041 _aukr
080 _a72.01
090 _a72.01
_bА15
100 _aАбизов В.
245 _aТеорія розвитку архітектурно-будівельних систем
_bмонографія
260 _aК.
_c2009
300 _a238 с.
650 7 _a72 Архітектура
_2UDC
942 _cBK
_2udc
955 _a1
999 _c357269
_d357269